Music Quiz

Random Music Quiz

Time Related Songs (Mostly 'Indie'/Alt./Punk) Quiz Stats

 Plays Quiz not verified by Sporcle

Challenge
Share
Tweet
Embed
Score 0/30 Timer 03:00
0 Plays Today
% Correct
Day
72.9%
Days
70.8%
Days
66.7%
Day
64.6%
Day
62.5%
Day
56.3%
Day
54.2%
Weeks
52.1%
Century
50%
Minute
50%
Century
50%
Minutes
33.3%
Years
33.3%
Hours
31.3%
Hours
31.3%
% Correct
Hours
31.3%
Week
31.3%
Year
31.3%
Days
29.2%
Year
29.2%
Seconds
27.1%
Year
25%
Week
25%
Hour
25%
Year
22.9%
Hour
20.8%
Minutes
14.6%
Years
10.4%
Hours
8.3%
Seconds
4.2%

You're not logged in!

Compare scores with friends on all Sporcle quizzes.
OR
Log In

You Might Also Like...

Show Comments

Extras

Top Quizzes Today


Score Distribution

Your Account Isn't Verified!

In order to create a playlist on Sporcle, you need to verify the email address you used during registration. Go to your Sporcle Settings to finish the process.

Report this User

Report this user for behavior that violates our Community Guidelines.

Details: